000 00635nam a2200181 a 4500
001 000045953
005 20201002052538.0
008 150603s2015 dr c 000 0 spa d
020 _a9789945083088
040 _aDO-SdBNP
_bspa
_cBNPHU
100 1 _aGonzález Venus, Lorenzo R.
_d1958-
_974024
245 1 0 _aCómo aprender a estudiar. /
_cLorenzo R. González Venus.
246 1 2 _aTécnicas de estudios
_b(cómo aprender a estudiar)
260 _aSanto Domingo :
_bLeo Antillas,
_c2015.
300 _a103 p. :
_brestr. ;
_c22 cm.
500 _aTécnicas de estudios
500 _aIncluye datos biografícos del autor en la contracubierta.
999 _c45442
_d45442